00627nam a2200241 a 4500001001300000003000900013005001700022008004100039020001000080082001300090100001700103245001800120260004200138300000900180500003500189505001100224650001000235700001700245902000800262942000700270952009300277999001500370nice12345678IN_TiNIC20260116012158.0050524s1923 alga grp 000 0 ara  ac10000a245bSMI aSmith, Percy aKitab Mazamir aAlgerbPublications Methodistesc1923 a237p aincludes index and biblioraphy2 aThesis aHymns1 aSmith, Percy bSRS cBK 00104070aHMIbHMId2007-07-05g100.00l0o245 SMIp6285r2007-07-05w2026-01-16yARB c5959d5959